[Event "Paleochora op 16th"]
[Site "Paleochora"]
[Date "2023.07.19"]
[Round "1"]
[White "Avagianos, Simeon"]
[Black "Basso, Pier Luigi"]
[Result "0-1"]
[WhiteElo "1919"]
[BlackElo "2508"]
[PlyCount "52"]
[EventDate "2023.07.19"]
[EventType "swiss"]
[EventRounds "9"]
[EventCountry "GRE"]
[SourceTitle "EXT 2024"]
[Source "ChessBase"]
[SourceDate "2023.10.10"]
[SourceVersion "1"]
[SourceVersionDate "2023.10.10"]
[SourceQuality "1"]

1. e4 g6 2. d4 Bg7 3. Be2 c6 4. h4 d5 5. e5 h5 6. Nf3 Bg4 7. Ng5 Bxe2 8. Qxe2 e6 9. Nd2 Nh6 10. Nf1 Qa5+ 11. Bd2 Qa6 12. Qf3 c5 13. c3 Nc6 14. Be3 cxd4 15. Bxd4 Nxe5 16. Bxe5 Bxe5 17. Ne3 Rc8 18. Nc2 Nf5 19. 0-0-0 Qxa2 20. Rhe1 Bf6 21. Rxd5 0-0 22. Rd7 b5 23. g4 hxg4 24. Qxg4 Bxc3 25. bxc3 Rxc3 26. Qe4 Rfc8 0-1

[Event "Paleochora op 12th"]
[Site "Paleochora"]
[Date "2019.07.13"]
[Round "1"]
[White "Chandra, Akshat"]
[Black "Avagianos, Simeon"]
[Result "1-0"]
[WhiteElo "2522"]
[BlackElo "2021"]
[PlyCount "37"]
[EventDate "2019.07.13"]
[EventType "swiss"]
[EventRounds "9"]
[EventCountry "GRE"]
[SourceTitle "EXT 2020"]
[Source "ChessBase"]
[SourceDate "2019.10.17"]
[SourceVersion "1"]
[SourceVersionDate "2019.10.17"]
[SourceQuality "1"]

1. d4 d5 2. c4 e6 3. Nc3 a6 4. cxd5 exd5 5. Bf4 Nf6 6. e3 Bd6 7. Bg5 Be7 8. Bd3 Be6 9. Qb3 Nbd7 10. Qxb7 Rb8 11. Qxa6 0-0 12. Nge2 Nb6 13. 0-0 Bd7 14. Bxf6 Ra8 15. Bxe7 Qxe7 16. Qb7 Qd6 17. Nb5 Bxb5 18. Bxb5 Qb4 19. Qc6 1-0

[Event "Nikaia op 25th"]
[Site "Nikaia"]
[Date "2017.08.28"]
[Round "3"]
[White "Avagianos, Simeon"]
[Black "Nikolaidis, Konstantinos"]
[Result "1/2-1/2"]
[WhiteElo "2045"]
[BlackElo "2227"]
[PlyCount "34"]
[EventDate "2017.08.26"]
[EventType "swiss"]
[EventRounds "9"]
[EventCountry "GRE"]
[SourceTitle "CBM 180 Extra"]
[Source "ChessBase"]
[SourceDate "2017.10.06"]
[SourceVersion "1"]
[SourceVersionDate "2017.10.06"]
[SourceQuality "1"]

1. d4 Nf6 2. Bg5 d5 3. Bxf6 gxf6 4. c4 dxc4 5. e3 c5 6. Bxc4 cxd4 7. exd4 Bg7 8. Qh5 0-0 9. Ne2 Nc6 10. Nbc3 Qa5 11. Qxa5 Nxa5 12. Bd3 Rd8 13. d5 f5 14. 0-0-0 b6 15. Bc2 Bd7 16. Nd4 e6 17. Rhe1 Re8 1/2-1/2

[Event "Alexander the Great op 5th"]
[Site "Porto Carras"]
[Date "2013.05.07"]
[Round "1"]
[White "Avagianos, Simeon"]
[Black "Miljkovic, Miroslav M"]
[Result "1/2-1/2"]
[WhiteElo "2027"]
[BlackElo "2471"]
[PlyCount "82"]
[EventDate "2013.05.07"]
[EventType "swiss"]
[EventRounds "7"]
[EventCountry "GRE"]
[SourceTitle "CBM 154 Extra"]
[Source "ChessBase"]
[SourceDate "2013.06.25"]
[SourceVersion "2"]
[SourceVersionDate "2013.06.25"]
[SourceQuality "1"]

1. d4 Nf6 2. c4 e6 3. Nc3 Bb4 4. Qc2 0-0 5. Bg5 d5 6. e3 Nbd7 7. cxd5 exd5 8. Bd3 h6 9. Bh4 c5 10. a3 Qa5 11. Nge2 Bxc3+ 12. bxc3 Re8 13. 0-0 b6 14. dxc5 bxc5 15. Bxf6 Nxf6 16. c4 Ba6 17. Nf4 d4 18. exd4 cxd4 19. c5 Bxd3 20. Nxd3 Ne4 21. Rfe1 Nc3 22. Qb3 Qa6 23. Ne5 Qf6 24. Nd3 Qf5 25. Qc4 Red8 26. Re5 Qf6 27. Rae1 Rac8 28. Nb4 Qg6 29. Nd5 Nxd5 30. Rxd5 Rxd5 31. Qxd5 Qd3 32. g3 Qxa3 33. Re7 Rf8 34. Qxd4 a5 35. Ra7 Qa2 36. Qc3 a4 37. c6 Rc8 38. Qb4 Rxc6 39. Ra8+ Kh7 40. Qe4+ Rg6 41. Ra6 a3 1/2-1/2

[Event "Petroupoli Master Division "]
[Site "Petroupoli"]
[Date "2012.11.21"]
[Round "3.11"]
[White "Nemtsas, Hristoforos"]
[Black "Avagianos, Simeon"]
[Result "0-1"]
[WhiteElo "1867"]
[BlackElo "2027"]
[PlyCount "73"]
[EventDate "2012.11.07"]
[EventType "swiss"]
[EventRounds "7"]
[EventCountry "GRE"]
[SourceTitle "EXT 2024"]
[Source "ChessBase"]
[SourceDate "2023.10.10"]
[SourceVersion "1"]
[SourceVersionDate "2023.10.10"]
[SourceQuality "1"]

1. d4 Nf6 2. c4 e6 3. Nc3 d5 4. Bg5 Nbd7 5. e3 c6 6. Nf3 Qa5 7. Nd2 dxc4 8. Bxf6 Nxf6 9. Nxc4 Qc7 10. Be2 Be7 11. 0-0 0-0 12. Rc1 Rd8 13. Qb3 Bd7 14. Ne5 Be8 15. Na4 Nd7 16. Nd3 Rac8 17. f4 b6 18. f5 e5 19. Bf3 exd4 20. Rxc6 Qb8 21. Rxc8 Rxc8 22. exd4 Bf6 23. d5 Ne5 24. Nxe5 Qxe5 25. Nc3 Qe3+ 26. Kh1 Bxc3 27. bxc3 Rxc3 28. Qd1 Rd3 29. Qb1 Qd4 30. Re1 Kf8 31. Qc2 Re3 32. Rd1 Qc3 33. Qf2 Ba4 34. Rf1 Be8 35. Qh4 Bb5 36. Rd1 Bd7 37. g3 0-1

[Event "Petroupoli Master Division "]
[Site "Petroupoli"]
[Date "2012.11.14"]
[Round "2.7"]
[White "Avagianos, Simeon"]
[Black "Azis Azizis, Ektoras"]
[Result "1/2-1/2"]
[WhiteElo "2027"]
[BlackElo "2294"]
[PlyCount "51"]
[EventDate "2012.11.07"]
[EventType "swiss"]
[EventRounds "7"]
[EventCountry "GRE"]
[SourceTitle "EXT 2024"]
[Source "ChessBase"]
[SourceDate "2023.10.10"]
[SourceVersion "1"]
[SourceVersionDate "2023.10.10"]
[SourceQuality "1"]

1. d4 Nf6 2. g4 Nxg4 3. e4 d5 4. e5 g6 5. Nc3 Nh6 6. Bg2 c6 7. Bg5 f6 8. Bf4 Bg4 9. Qd2 Nf7 10. exf6 exf6 11. f3 Bf5 12. 0-0-0 Be7 13. Nge2 g5 14. Ng3 Bg6 15. Bxb8 Qxb8 16. Nce2 Bd6 17. Qe3+ Kd8 18. Qe6 Re8 19. Qxf6+ Be7 20. Qe6 Qc8 21. Qe3 Bd6 22. Qf2 Qe6 23. f4 gxf4 24. Nxf4 Qf6 25. Rdf1 Bxf4+ 26. Qxf4 1/2-1/2

[Event "Neos Marmaras op 4th"]
[Site "Neos Marmaras"]
[Date "2012.04.16"]
[Round "1"]
[White "Haznedaroglu, Kivanc"]
[Black "Avagianos, Simeon"]
[Result "1-0"]
[WhiteElo "2419"]
[BlackElo "2060"]
[PlyCount "57"]
[EventDate "2012.04.16"]
[EventType "swiss"]
[EventRounds "9"]
[EventCountry "GRE"]
[SourceTitle "CBM 148 Extra"]
[Source "ChessBase"]
[SourceDate "2012.06.22"]
[SourceVersion "1"]
[SourceVersionDate "2012.06.22"]
[SourceQuality "1"]

1. e4 c5 2. Nf3 d6 3. d4 cxd4 4. Qxd4 a6 5. c4 Nc6 6. Qe3 g6 7. h3 Bd7 8. Be2 Bg7 9. 0-0 Rb8 10. Nc3 Bh6 11. Qd3 Bxc1 12. Raxc1 Nf6 13. Qe3 0-0 14. Rfd1 b5 15. c5 Ne8 16. e5 dxe5 17. Nxe5 Nxe5 18. Qxe5 Rc8 19. Ne4 Qc7 20. Qxe7 Bc6 21. Qh4 Bxe4 22. Qxe4 Ng7 23. b4 Rfe8 24. Qc2 Qf4 25. a3 Ne6 26. Bg4 f5 27. Bf3 Ng5 28. Bb7 Rc7 29. Bxa6 1-0

[Event "Rethymno op 3rd"]
[Site "Rethymno"]
[Date "2011.07.14"]
[Round "5"]
[White "Avagianos, Simeon"]
[Black "Vas, Peter1"]
[Result "0-1"]
[WhiteElo "2047"]
[BlackElo "2295"]
[PlyCount "52"]
[EventDate "2011.07.11"]
[EventType "swiss"]
[EventRounds "9"]
[EventCountry "GRE"]
[SourceTitle "CBM 143 Extra"]
[Source "ChessBase"]
[SourceDate "2011.08.29"]
[SourceVersion "1"]
[SourceVersionDate "2011.08.29"]
[SourceQuality "1"]

1. d4 Nf6 2. c4 e6 3. Nc3 Bb4 4. Qc2 c5 5. dxc5 Bxc5 6. a3 0-0 7. e3 b6 8. Nf3 Bb7 9. b4 Be7 10. Bd3 d6 11. 0-0 a6 12. Bb2 Nbd7 13. Ng5 h6 14. Nh7 Re8 15. Nxf6+ Bxf6 16. Be4 Qc7 17. Bxb7 Qxb7 18. Rfd1 Qc6 19. b5 axb5 20. Nxb5 d5 21. Bxf6 Nxf6 22. Nd4 Qxc4 23. Qb2 Qa6 24. Rdb1 Rec8 25. h3 Ne4 26. Qxb6 Rc1+ 0-1

[Event "Porto Carras op 5th"]
[Site "Porto Carras"]
[Date "2010.07.13"]
[Round "3"]
[White "Vafiadis, Kleanthis"]
[Black "Avagianos, Simeon"]
[Result "1-0"]
[WhiteElo "2227"]
[BlackElo "2034"]
[PlyCount "107"]
[EventDate "2010.07.11"]
[EventType "swiss"]
[EventRounds "9"]
[EventCountry "GRE"]
[SourceTitle "CBM 137 Extra"]
[Source "ChessBase"]
[SourceDate "2010.09.01"]
[SourceVersion "1"]
[SourceVersionDate "2010.09.01"]
[SourceQuality "1"]

1. d4 d5 2. Nf3 Nf6 3. e3 Nbd7 4. Bd3 c6 5. b3 e5 6. dxe5 Ng4 7. Bb2 Qc7 8. 0-0 Ngxe5 9. e4 dxe4 10. Bxe4 Bd6 11. Re1 0-0 12. Nxe5 Nxe5 13. Bxh7+ Kxh7 14. Bxe5 Re8 15. Bxd6 Rxe1+ 16. Qxe1 Qxd6 17. Qe4+ Kg8 18. Qe8+ Kh7 19. Nc3 Qf6 20. Qe3 Bf5 21. Rc1 Rd8 22. h3 Qg6 23. Qe7 Rd7 24. Qh4+ Kg8 25. Re1 f6 26. Qc4+ Kh7 27. Re3 Bxc2 28. Ne4 Bxe4 29. Rxe4 Qf7 30. Rh4+ Kg8 31. Qf4 Rd8 32. Qf5 g6 33. Rg4 Kg7 34. Qc5 Qc7 35. g3 b6 36. Qc2 g5 37. Rc4 Qd7 38. Rxc6 Qxh3 39. Rc7+ Rd7 40. Qc6 Rxc7 41. Qxc7+ Kg6 42. Qxa7 Qe6 43. Qb7 f5 44. Qf3 b5 45. a3 Qa6 46. Kg2 g4 47. Qd5 Qxa3 48. Qxb5 Qa8+ 49. Kg1 Qa1+ 50. Qf1 Qc3 51. Qa6+ Kg5 52. Qb7 Qd4 53. Qe7+ Kh5 54. Qe8+ 1-0

[Event "Nikaia op 14th"]
[Site "Nikaia"]
[Date "2006.08.??"]
[Round "8"]
[White "Georgiou, Kostantinos"]
[Black "Avagianos, Simeon"]
[Result "1-0"]
[WhiteElo "2231"]
[BlackElo "2053"]
[PlyCount "91"]
[EventDate "2006.08.??"]
[EventType "swiss"]
[EventRounds "9"]
[EventCountry "GRE"]
[SourceTitle "EXT 2008"]
[Source "ChessBase"]
[SourceDate "2007.11.25"]
[SourceVersion "1"]
[SourceVersionDate "2007.11.25"]
[SourceQuality "1"]

1. e4 c5 2. Nf3 d6 3. d4 cxd4 4. Qxd4 e5 5. Bb5+ Nc6 6. Qd3 Bd7 7. Bg5 Be7 8. Bxe7 Kxe7 9. Nc3 Nf6 10. Rd1 Be6 11. 0-0 a6 12. Ba4 Qc7 13. Bb3 Rhd8 14. Qe3 Na5 15. Nh4 Nxb3 16. cxb3 d5 17. exd5 Nxd5 18. Nxd5+ Rxd5 19. Rxd5 Bxd5 20. Rc1 Bc6 21. Nf5+ Kf8 22. Qc5+ Kg8 23. Ne7+ Kh8 24. Nxc6 Rc8 25. Qa3 h6 26. h3 f6 27. Rc3 bxc6 28. Qxa6 Qd7 29. b4 Rc7 30. Qb6 e4 31. Qe3 f5 32. Qf4 Rc8 33. Rc5 Rf8 34. g4 Rf6 35. Rxf5 Rxf5 36. gxf5 Qd4 37. f6 gxf6 38. Qxh6+ Kg8 39. b3 Kf7 40. Qh5+ Ke6 41. Qe8+ Kf5 42. Qxc6 Qa1+ 43. Kh2 Qxa2 44. Qc5+ Kf4 45. Qc7+ Kf5 46. Qa5+ 1-0

[Event "Nikaia op 11th"]
[Site "Nikaia"]
[Date "2003.08.24"]
[Round "9"]
[White "Avagianos, Simeon"]
[Black "Abatzidis, Stelios"]
[Result "0-1"]
[WhiteElo "1865"]
[BlackElo "2083"]
[PlyCount "63"]
[EventDate "2003.08.17"]
[EventType "swiss"]
[EventRounds "9"]
[EventCountry "GRE"]
[SourceTitle "EXT 2005"]
[Source "ChessBase"]
[SourceDate "2004.11.15"]
[SourceVersion "1"]
[SourceVersionDate "2004.11.15"]
[SourceQuality "1"]

1. d4 Nf6 2. c4 c6 3. Nc3 d5 4. cxd5 cxd5 5. Bf4 g6 6. e3 Bg7 7. Bxb8 Rxb8 8. Qa4+ Bd7 9. Qxa7 0-0 10. Qa3 Qb6 11. b4 Rfc8 12. Bd3 e6 13. Qb3 Bf8 14. b5 Ra8 15. a4 Qa5 16. Nge2 Bb4 17. Kd2 Ng4 18. Rhb1 Bxc3+ 19. Nxc3 Nxf2 20. Qb4 Qc7 21. Rf1 Nxd3 22. Kxd3 Qxh2 23. Rxf7 Kxf7 24. Rf1+ Kg8 25. Qe7 Qh6 26. Rf7 Be8 27. Rf4 Qg7 28. Qxe6+ Bf7 29. Qd7 g5 30. Rxf7 Qxf7 31. Qxf7+ Kxf7 32. Nxd5 0-1